00896nam a2200241 i 450000100060000000300090000600500170001500700030003200800410003508000330007610000430010924500990015226000350025130000390028649000240032560000630034970000440041283000290045685200220048594200080050799900170051595201220053269918ES-MaACL20250813062714.0t|040713s1980 sp |||| |bspa d a929 García Lorca, Federico1 aGarcía Lorca, Francisco.954859eaut10aFederico y su mundo / cFrancisco García Lorca ; edición y prólogo de Mario Hernández. a[Madrid] : bAlianza, c[1980] aXXXV, 485 p., 16 lám. ; c20 cm.1 aAlianza tres ; v5814aGarcía Lorca, Federico,d1898-1936-954854xBiografías1 aHernández, Mario,d1945-9151331epbl00aAlianza tresv589177344 aES-MaACLjC-33825 2udc c69918d69918 00104070aATENEOMbATENEOMcDEPO2d2008-01-17eSCl0oC-33825p1073214r2023-02-23 00:00:00w2023-02-23yMONOGRAFIA